| 000 | 01044cam a2200289 i 4500 | ||
|---|---|---|---|
| 001 | 000003256 | ||
| 003 | DO-SdBNP | ||
| 005 | 20260323142241.0 | ||
| 007 | ta | ||
| 008 | 000912s1999 dr r 000 0 spa d | ||
| 040 |
_aDO-SdBNP _bspa _cBNPHU _erda |
||
| 041 | _aspa | ||
| 082 | 4 |
_a347.077 _bV145v _222 |
|
| 100 | 1 |
_aValdez G., Jacinto Bienvenido, _d1945- _eautor _910248 _4aut. |
|
| 245 | 1 | 4 |
_aLas vías de recursos : _boposición, apelación, impugnación (le contredit), litispendencia conexidad, referimiento, casación, revisión, tercería inconstitucionalidad, amparo / _cJacinto Bienvenido Valdez G. |
| 264 |
_aSanto Domingo : _bLa Filantrópica, _c1999. |
||
| 300 |
_a171 páginas ; _c21 cm. |
||
| 336 |
_ardacontent _btexto _2txt |
||
| 337 |
_ardamedia _bsin mediación _2n |
||
| 338 |
_ardacarrier _bvolumen _2nc |
||
| 500 | _aIncluye índice. | ||
| 504 | _aBibliografía : p. 168-171. | ||
| 590 | _aInventariado, 2018/BT | ||
| 650 | 4 |
_aRecursos (derecho) _910249 |
|
| 910 | _aValidado. Control de calidad. MFF | ||
| 942 |
_2ddc _cLBS1 |
||
| 999 |
_c3087 _d3087 |
||